L'Andorre pour les touristes... - Statistiques

Statistiques générales
  • Ce quiz a été pris 19 fois
  • Le résultat moyen est 12 sur 20
Statistiques - réponses
Question Indice Réponses % Correct
Quelles autres langues sont répandues ? E Espagnol
100%
Quelles autres langues sont répandues ? F Français
100%
La conduite se fait à droite ou à gauche ? Droite
94%
Quelle est la monnaie ? Euro
94%
Dans la capitale y-a-t-il un décalage horaire avec Paris ? (oui/non) Non
94%
Quelles sont les principales villes touristiques ? A Andorre-la-Vieille
89%
La vitesse est limitée hors agglomérations à {90} km/h
83%
Le taux d'alcoolémie toléré au volant est de {0.5} g/l
78%
Achats à faire 3/ Bijoux précieux en Or
78%
Le suffixe internet est ad
72%
Quelle est la langue officielle ? Catalan
72%
La religion majoritaire est Catholicisme
72%
Quelles sont les principales villes touristiques ? PDLC Pas-de-la-Case
56%
Achats à faire 1/ Cochonnailles ou Charcuterie
33%
Quelles sont les principales villes touristiques ? E Encamp
28%
Quelles sont les principales villes touristiques ? M Meritxell
17%
Quels parc naturels peut-on visiter ? C Comapedrosa
0%
Quels parc naturels peut-on visiter ? M Madriu
0%
Quels parc naturels peut-on visiter ? S Sorteny
0%
Achats à faire 2/ Fromage appelé Tupi
0%
Aucun quiz correspondant
Distribution des résultats
% des personnes avec chaque résultat
Percentile par nombre de réponses
Votre historique - résultats
Vous n’avez pas pris ce quiz